[Event "Chorzow Bak Memorial op"]
[Site "Chorzow"]
[Date "2008.11.18"]
[Round "5"]
[White "Klama, Andrzej"]
[Black "Rosicki, Pawel"]
[Result "1-0"]
[WhiteElo "1703"]
[BlackElo "1428"]
[PlyCount "85"]
[EventDate "2008.11.15"]
[EventType "swiss"]
[EventRounds "9"]
[EventCountry "POL"]
[SourceTitle "EXT 2010"]
[Source "ChessBase"]
[SourceDate "2009.11.30"]
[SourceVersion "1"]
[SourceVersionDate "2009.11.30"]
[SourceQuality "1"]

1. e4 e5 2. Nf3 Nc6 3. c3 Bc5 4. a4 a5 5. Bb5 Nf6 6. d3 d6 7. O-O O-O 8. Nbd2
Ne7 9. d4 exd4 10. cxd4 Bb4 11. d5 c6 12. dxc6 bxc6 13. Bd3 h6 14. Qc2 Ba6 15.
Rd1 Bxd3 16. Qxd3 Qc7 17. Nc4 d5 18. exd5 cxd5 19. Nce5 Nc6 20. Nxc6 Qxc6 21.
Ne5 Qb7 22. Qg3 Ne4 23. Qg4 Nf6 24. Qh3 Rae8 25. Bf4 Be7 26. b3 Ne4 27. Qg4 Nf6
28. Qh3 Ne4 29. Nd7 Bc5 30. Be3 Bxe3 31. fxe3 Ng5 32. Qf5 g6 33. Qxd5 Qa7 34.
Nxf8 Rxe3 35. Rd4 Ne4 36. Nxg6 Rd3 37. Ne7+ Kf8 38. Qd8+ Kg7 39. Qg8+ Kf6 40.
Nd5+ Ke5 41. Qg7+ Ke6 42. Qg4+ Ke5 43. Qxe4+ 1-0

[Event "FICS rated standard game"]
[Site "FICS freechess.org"]
[Date "2008.11.18"]
[Round "?"]
[White "Opinel"]
[Black "MitchBuchannon"]
[Result "1-0"]
[WhiteElo "2441"]
[BlackElo "2309"]
[PlyCount "73"]
[EventDate "2008.??.??"]
[SourceTitle "OM Portal C 201906"]
[Source "Opening Master"]
[SourceDate "2019.06.27"]
[SourceVersion "1"]
[SourceVersionDate "2019.06.27"]
[SourceQuality "1"]

1. e4 e5 2. Nf3 Nc6 3. c3 Nf6 4. d4 Nxe4 5. d5 Ne7 6. Nxe5 Ng6 7. Nxg6 hxg6 8.
Nd2 Nf6 9. Nf3 Qe7+ 10. Be2 Qc5 11. O-O Bd6 12. c4 Qb6 13. Qd3 Bc5 14. a3 a5
15. Bg5 Kf8 16. Qc2 Ng4 17. Bd3 d6 18. Rae1 Ne5 19. Nxe5 dxe5 20. Be3 Rh5 21.
Kh1 Bg4 22. Bxc5+ Qxc5 23. f4 e4 24. Bxe4 Rh6 25. Bf3 Bf5 26. Qc3 Kg8 27. d6
Rb8 28. dxc7 Qxc7 29. Qe5 Rc8 30. Qxc7 Rxc7 31. Re8+ Kh7 32. Rc1 Be6 33. c5 Rh4
34. g3 Rh6 35. Kg1 Bf5 36. Rb8 g5 37. Rxb7 1-0

[Event "Steinfurt Bezirk-ch"]
[Site "Rheine"]
[Date "2008.11.17"]
[Round "3"]
[White "Pohlmeier, Ulrich"]
[Black "Diepenbrock, Till"]
[Result "1/2-1/2"]
[WhiteElo "1610"]
[BlackElo "1731"]
[PlyCount "55"]
[EventDate "2008.10.20"]
[EventType "swiss"]
[EventRounds "7"]
[EventCountry "GER"]
[SourceTitle "EXT 2010"]
[Source "ChessBase"]
[SourceDate "2009.11.30"]
[SourceVersion "1"]
[SourceVersionDate "2009.11.30"]
[SourceQuality "1"]

1. e4 e5 2. Nf3 Nc6 3. c3 Nf6 4. d4 exd4 5. e5 Nd5 6. cxd4 Bb4+ 7. Bd2 O-O 8.
Bb5 Re8 9. O-O a6 10. Bxc6 dxc6 11. a3 Be7 12. h3 Be6 13. Qc2 Qd7 14. Kh2 Rad8
15. Nc3 Nxc3 16. Qxc3 Bd5 17. Ng1 Qf5 18. Be3 Bg5 19. Bxg5 Qxg5 20. f3 Re6 21.
Ne2 Rg6 22. Rg1 Qh4 23. Rac1 Be6 24. Qe3 Rh6 25. f4 Bg4 26. Rc2 Re8 27. Qg3
Bxe2 28. Qxh4 1/2-1/2

[Event "Beacon Seniors op"]
[Site "Exmouth"]
[Date "2008.11.17"]
[Round "1"]
[White "Kearsley, Raymond J"]
[Black "Jenkins, Geoffrey J"]
[Result "1/2-1/2"]
[WhiteElo "1819"]
[BlackElo "1200"]
[PlyCount "62"]
[EventDate "2008.11.17"]
[EventType "swiss"]
[EventRounds "5"]
[EventCountry "ENG"]
[SourceTitle "EXT 2011"]
[Source "ChessBase"]
[SourceDate "2010.11.26"]
[SourceVersion "1"]
[SourceVersionDate "2010.11.26"]
[SourceQuality "1"]

1. e4 e5 2. Nf3 Nc6 3. c3 d5 4. exd5 Qxd5 5. d4 e4 6. Nfd2 Nf6 7. Nc4 Be7 8.
Bf4 Bd8 9. Be2 O-O 10. Ne3 Qa5 11. O-O Be6 12. c4 Ne7 13. d5 Bd7 14. Nc3 Ng6
15. Bg3 Re8 16. a3 Qc5 17. b4 Qf8 18. Qd4 a6 19. c5 Rc8 20. h3 Kh8 21. a4 Ng8
22. Nxe4 f5 23. d6 Rxe4 24. Qd2 Bf6 25. dxc7 Rd4 26. Qc2 f4 27. Bh2 fxe3 28.
fxe3 Qe7 29. exd4 Bxd4+ 30. Kh1 Bxa1 31. Rxa1 Nf6 1/2-1/2

[Event "SB-2008-0-00033"]
[Site "LSS"]
[Date "2008.11.15"]
[Round "?"]
[White "Hrubaru, Mircea"]
[Black "Dehaybe, Andre"]
[Result "1-0"]
[WhiteElo "1936"]
[BlackElo "1990"]
[PlyCount "47"]
[EventDate "2008.11.11"]
[EventType "swiss"]
[SourceTitle "OM Corr 202003"]
[Source "Opening Master"]
[SourceDate "2019.05.30"]
[SourceVersion "2"]
[SourceVersionDate "2019.05.30"]
[SourceQuality "1"]

1. e4 e5 2. Nf3 Nc6 3. c3 d5 4. Qa4 Nf6 5. Nxe5 Bd6 6. Nxc6 bxc6 7. d3 O-O 8.
Be2 Qe8 9. Nd2 Bd7 10. O-O a5 11. f4 Ng4 12. Bxg4 Bxg4 13. e5 Be7 14. f5 Be2
15. Rf2 Bxd3 16. Qd4 Bc2 17. Nf1 Be4 18. Ng3 c5 19. Qe3 Qc6 20. f6 gxf6 21. Qh6
Rfd8 22. Nh5 Bf8 23. Nxf6+ Kh8 24. Qh4 1-0

[Event "FICS rated standard game"]
[Site "FICS freechess.org"]
[Date "2008.11.15"]
[Round "?"]
[White "Opinel"]
[Black "diegodon"]
[Result "1-0"]
[WhiteElo "2425"]
[BlackElo "2001"]
[PlyCount "43"]
[EventDate "2008.??.??"]
[SourceTitle "OM Portal C 201906"]
[Source "Opening Master"]
[SourceDate "2019.06.27"]
[SourceVersion "1"]
[SourceVersionDate "2019.06.27"]
[SourceQuality "1"]

1. e4 e5 2. Nf3 Nc6 3. c3 d5 4. Qa4 Bd7 5. exd5 Nd4 6. Qd1 Nxf3+ 7. Qxf3 Nf6 8.
Bc4 c6 9. dxc6 Bxc6 10. Qg3 Qa5 11. d4 exd4 12. O-O O-O-O 13. Bxf7 Bd6 14. Bf4
Bxf4 15. Qxf4 d3 16. Be6+ Bd7 17. Bc4 Bg4 18. Bxd3 Qc5 19. Bc2 Rhe8 20. Na3 Re2
21. Bd1 Rxf2 22. Qxf2 1-0

[Event "WC-2008-F-00005"]
[Site "Lechenicher SchachServer"]
[Date "2008.11.12"]
[Round "?"]
[White "Aalderink, Gerwin"]
[Black "Fages, Jorge Juan"]
[Result "1/2-1/2"]
[WhiteElo "2027"]
[BlackElo "2199"]
[PlyCount "89"]
[EventDate "2008.11.12"]

1. e4 e5 2. Nf3 Nc6 3. c3 d5 4. d4 dxe4 5. Nxe5 Nxe5 6. dxe5 Qxd1+ 7. Kxd1 Ne7
8. Nd2 Bf5 9. Bb5+ c6 10. Be2 O-O-O 11. g4 Bg6 12. Ke1 Nd5 13. h4 e3 14. Nc4
exf2+ 15. Kxf2 f6 16. h5 Bc2 17. Bf3 fxe5 18. Re1 Bc5+ 19. Kg3 e4 20. Bxe4 Bxe4
21. Rxe4 Nf6 22. Re6 Rd3+ 23. Be3 Nd5 24. Re1 Rf8 25. g5 Nxe3 26. Nxe3 Bd6+ 27.
Kh4 Rf4+ 28. Ng4 Rff3 29. R1e3 Bg3+ 30. Kh3 Bf2+ 31. Rxf3 Rxf3+ 32. Kg2 Rg3+
33. Kxf2 Rxg4 34. Re8+ Kd7 35. Rb8 Kc7 36. Rh8 Rxg5 37. Rxh7 Kb6 38. Kf3 a5 39.
Kf4 Rg1 40. a4 Kc5 41. Rh8 Rf1+ 42. Kg5 Rg1+ 43. Kf4 Rf1+ 44. Kg5 Rg1+ 45. Kf4
1/2-1/2

[Event "Pokalturnering"]
[Site "Trondheim"]
[Date "2008.11.10"]
[Round "8"]
[White "Kokkvoll, Tommy"]
[Black "Hestad, Bent"]
[Result "1/2-1/2"]
[WhiteElo "1400"]
[BlackElo "1143"]
[PlyCount "74"]
[EventDate "2008.??.??"]

1. e4 e5 2. Nf3 Nc6 3. c3 d5 4. exd5 Qxd5 5. d3 Bg4 6. Be2 O-O-O 7. Nbd2 Nf6 8.
Qb3 Bf5 9. Qxd5 Rxd5 10. Ng5 Bg6 11. Nge4 Nxe4 12. Nxe4 f5 13. Ng3 h5 14. h4
Be7 15. Bd2 Bf6 16. f3 Rhd8 17. Rd1 Ne7 18. Bg5 Bxg5 19. hxg5 Rh8 20. Rh4 f4
21. Ne4 Bxe4 22. dxe4 Rxd1+ 23. Bxd1 Ng6 24. Rh3 h4 25. Bb3 Kd8 26. Bf7 Nf8 27.
Ke2 Ke7 28. Bc4 Ne6 29. Bxe6 Kxe6 30. Rh1 Ke7 31. b4 Rh5 32. a4 Rxg5 33. Rxh4
Rxg2+ 34. Kd3 Rg3 35. Ke2 Rg2+ 36. Kd3 Rg3 37. Ke2 Rg2+ 1/2-1/2

[Event "SB-2008-0-00031"]
[Site "Lechenicher SchachServer"]
[Date "2008.11.10"]
[Round "?"]
[White "Zolendowski, Cesary"]
[Black "Blankenberg, Bruno"]
[Result "1-0"]
[WhiteElo "2201"]
[BlackElo "1918"]
[PlyCount "33"]
[EventDate "2008.11.07"]

1. e4 e5 2. Nf3 Nc6 3. c3 Nf6 4. d3 d5 5. Nbd2 a5 6. Qc2 Bc5 7. Be2 O-O 8. O-O
Re8 9. a4 h6 10. Re1 Be6 11. h3 Nd7 12. Nf1 d4 13. Ng3 Bf8 14. Rb1 Nc5 15. b3
dxc3 16. Qxc3 Nd4 17. Nxd4 1-0

[Event "SVK-chT2D 0809"]
[Site "Slovakia"]
[Date "2008.11.09"]
[Round "4.5"]
[White "Stec, Juraj"]
[Black "Majlath, Zdenko"]
[Result "1-0"]
[WhiteElo "2036"]
[BlackElo "2035"]
[PlyCount "51"]
[EventDate "2008.10.11"]
[EventType "team-tourn"]
[EventRounds "11"]
[EventCountry "SVK"]
[SourceTitle "EXT 2010"]
[Source "ChessBase"]
[SourceDate "2009.11.30"]
[SourceVersion "1"]
[SourceVersionDate "2009.11.30"]
[SourceQuality "1"]

1. e4 e5 2. Nf3 Nc6 3. c3 d6 4. d4 exd4 5. cxd4 Nf6 6. Nc3 Be7 7. Bb5 Bd7 8.
O-O O-O 9. Bg5 a6 10. Bd3 Bg4 11. Be3 Qd7 12. Rc1 Nd8 13. Qe2 c6 14. Bb1 Bxf3
15. Qxf3 Qg4 16. Qxg4 Nxg4 17. Bd2 Nf6 18. f3 Ne6 19. Be3 Rac8 20. Rfd1 Bd8 21.
e5 Ne8 22. f4 dxe5 23. dxe5 Be7 24. f5 Bg5 25. Bxg5 Nxg5 26. h4 1-0

[Event "NRW Class2 0809"]
[Site "Germany"]
[Date "2008.11.09"]
[Round "3.5"]
[White "Blasek, Ralph"]
[Black "Liley, Uwe"]
[Result "1-0"]
[WhiteElo "2300"]
[BlackElo "1965"]
[PlyCount "53"]
[EventDate "2008.09.21"]
[EventType "team-tourn"]
[EventRounds "9"]
[EventCountry "GER"]
[SourceTitle "EXT 2010"]
[Source "ChessBase"]
[SourceDate "2009.11.30"]
[SourceVersion "1"]
[SourceVersionDate "2009.11.30"]
[SourceQuality "1"]
[WhiteTeam "Solingen III"]
[BlackTeam "Hagen"]
[WhiteTeamCountry "GER"]
[BlackTeamCountry "GER"]

1. e4 e5 2. Nf3 Nc6 3. c3 Nf6 4. d4 d6 5. h3 Be7 6. Bd3 O-O 7. O-O Bd7 8. Re1
Qc8 9. Nbd2 a6 10. Nf1 Kh8 11. Ng3 Ng8 12. a3 Bf6 13. Bc2 Nce7 14. Ng5 Bxg5 15.
Bxg5 Ng6 16. Nf5 f6 17. Be3 N6e7 18. Ng3 g6 19. f4 d5 20. dxe5 fxe5 21. fxe5
Bxh3 22. exd5 Qg4 23. Qxg4 Bxg4 24. c4 Nf5 25. Bf2 Nge7 26. Ne4 Ng7 27. Bc5 1-0

[Event "NOR-chT 0809"]
[Site "Norway"]
[Date "2008.11.07"]
[Round "1"]
[White "Trygstad, Kristian"]
[Black "Bentsen, Hakon"]
[Result "1-0"]
[WhiteElo "2319"]
[BlackElo "2068"]
[PlyCount "33"]
[EventDate "2008.11.07"]
[EventType "team-tourn"]
[EventRounds "11"]
[EventCountry "NOR"]
[SourceTitle "EXT 2010"]
[Source "ChessBase"]
[SourceDate "2009.11.30"]
[SourceVersion "1"]
[SourceVersionDate "2009.11.30"]
[SourceQuality "1"]

1. e4 e5 2. Nf3 Nc6 3. c3 Nf6 4. d4 exd4 5. e5 Qe7 6. cxd4 d6 7. Bb5 Bd7 8. O-O
dxe5 9. dxe5 Ng8 10. Bg5 Qe6 11. Nc3 Be7 12. Nd5 Rc8 13. Nf4 Qf5 14. Bd3 Qg4
15. h3 Qxg5 16. Nxg5 Bxg5 17. e6 1-0

[Event "FICS rated standard game"]
[Site "FICS freechess.org"]
[Date "2008.11.05"]
[Round "?"]
[White "Opinel"]
[Black "AKhairat"]
[Result "1-0"]
[WhiteElo "2423"]
[BlackElo "2018"]
[PlyCount "45"]
[EventDate "2008.??.??"]
[SourceTitle "OM Portal C 201906"]
[Source "Opening Master"]
[SourceDate "2019.06.27"]
[SourceVersion "1"]
[SourceVersionDate "2019.06.27"]
[SourceQuality "1"]

1. e4 e5 2. Nf3 Nc6 3. c3 Nf6 4. d4 exd4 5. e5 Qe7 6. cxd4 d6 7. Bb5 dxe5 8.
dxe5 Nd7 9. O-O Qc5 10. Nc3 a6 11. Be3 Qb4 12. Ba4 b5 13. Bb3 Ndxe5 14. Nxe5
Nxe5 15. Qd5 Bd6 16. Qxa8 O-O 17. Qe4 Qa5 18. Rad1 Kh8 19. a3 f5 20. Qd5 f4 21.
Bxf4 Nc4 22. Bxc4 Bxf4 23. Qf7 1-0

[Event "St Petersburg Nov op"]
[Site "St Petersburg"]
[Date "2008.11.04"]
[Round "4"]
[White "Rodkin, Felix"]
[Black "Khusenkhojaev, Muhammad"]
[Result "1-0"]
[WhiteElo "2125"]
[BlackElo "2375"]
[PlyCount "65"]
[EventDate "2008.11.01"]
[EventType "swiss"]
[EventRounds "9"]
[EventCountry "RUS"]
[SourceTitle "EXT 2010"]
[Source "ChessBase"]
[SourceDate "2009.11.30"]
[SourceVersion "1"]
[SourceVersionDate "2009.11.30"]
[SourceQuality "1"]

1. e4 e5 2. Nf3 Nc6 3. c3 Nf6 4. d4 Nxe4 5. d5 Ne7 6. Nxe5 Ng6 7. Qd4 f5 8.
Nxg6 hxg6 9. Be3 Qf6 10. Nd2 Nxd2 11. Qxd2 Bd6 12. O-O-O O-O 13. h4 f4 14. Bd4
Be5 15. Bxe5 Qxe5 16. d6 cxd6 17. Bc4+ d5 18. Bxd5+ Kh8 19. Qd3 Qf6 20. Be4 d5
21. Bxg6 d4 22. cxd4 Bg4 23. f3 Be6 24. Kb1 Rac8 25. h5 Bc4 26. Qe4 Qa6 27. b3
Qb5 28. Qe5 Qb6 29. Ka1 Bxb3 30. h6 Qf6 31. axb3 gxh6 32. Rxh6+ Kg7 33. Rh7+
1-0

[Event "Wch Seniors 18th"]
[Site "Bad Zwischenahn"]
[Date "2008.11.02"]
[Round "6"]
[White "Kraemer, Franz Josef"]
[Black "Leitner, Walter"]
[Result "0-1"]
[WhiteElo "1866"]
[BlackElo "2095"]
[PlyCount "32"]
[EventDate "2008.10.28"]
[EventType "swiss"]
[EventRounds "11"]
[EventCountry "GER"]
[SourceTitle "EXT 2009"]
[Source "ChessBase"]
[SourceDate "2008.11.26"]
[SourceVersion "1"]
[SourceVersionDate "2008.11.26"]
[SourceQuality "1"]

1. e4 e5 2. Nf3 Nc6 3. c3 Nf6 4. Bd3 d5 5. exd5 Qxd5 6. Bc2 e4 7. Bb3 Qd6 8.
Ng5 Ne5 9. O-O h6 10. f4 hxg5 11. fxe5 Qxe5 12. g3 Bc5+ 13. Kh1 Qxg3 14. Qe2
Bg4 15. Qg2 Qd3 16. Rxf6 gxf6 0-1

[Event "El Sauzal op 9th"]
[Site "El Sauzal"]
[Date "2008.11.01"]
[Round "5"]
[White "Rodriguez Lorenzo, Yadira"]
[Black "Garcia Padron, Jose"]
[Result "0-1"]
[WhiteElo "2083"]
[BlackElo "2434"]
[PlyCount "67"]
[EventDate "2008.11.01"]
[EventType "swiss (rapid)"]
[EventRounds "9"]
[EventCountry "ESP"]
[SourceTitle "CBM 127 Extra"]
[Source "ChessBase"]
[SourceDate "2009.01.08"]
[SourceVersion "2"]
[SourceVersionDate "2009.01.28"]
[SourceQuality "1"]

1. e4 e5 2. Nf3 Nc6 3. c3 d6 4. Bb5 Bd7 5. d4 Nge7 6. h3 Ng6 7. O-O Be7 8. Kh2
O-O 9. d5 Nb8 10. Bxd7 Nxd7 11. c4 f5 12. exf5 Rxf5 13. Nc3 Qf8 14. Qe2 Nf4 15.
Bxf4 Rxf4 16. Ne4 Qf5 17. Nfd2 Qg6 18. g3 Rf5 19. b4 Raf8 20. Rac1 c6 21. Rc3
Qf7 22. dxc6 bxc6 23. b5 d5 24. cxd5 cxd5 25. Rc7 Bd8 26. Rxd7 Qxd7 27. Nc5 Qf7
28. f3 Bb6 29. Ncb3 Bc7 30. h4 g5 31. hxg5 Rxg5 32. Qe3 Qg7 33. Rg1 Bb6 34. Nc5
0-1

[Event "Tournament (open) \"]
[Site "Perm (Russia)"]
[Date "2008.11.??"]
[Round "7"]
[White "Chukharev, Sergey"]
[Black "Poletaev, Vitaly"]
[Result "1-0"]
[WhiteElo "2355"]
[BlackElo "2084"]
[PlyCount "69"]
[EventDate "2008.??.??"]
[EventRounds "11"]
[EventCountry "RUS"]
[SourceTitle "OM OTB B 201907"]
[Source "Opening Master"]
[SourceDate "2019.07.06"]
[SourceVersion "2"]
[SourceVersionDate "2019.07.06"]
[SourceQuality "1"]

1. e4 e5 2. Nf3 Nc6 3. c3 Nf6 4. d4 Nxe4 5. d5 Ne7 6. Nxe5 Ng6 7. Qd4 Nf6 8.
Be2 Be7 9. Nxg6 hxg6 10. Bf4 c5 11. Qd1 d6 12. Bb5+ Bd7 13. a4 a6 14. Bxd7+
Nxd7 15. Qe2 O-O 16. c4 Ne5 17. Bxe5 dxe5 18. Qxe5 Bd6 19. Qc3 Qe7+ 20. Kd1
Rad8 21. Re1 Qf6 22. Qxf6 gxf6 23. g3 Rfe8 24. Nc3 Rxe1+ 25. Kxe1 Re8+ 26. Kd2
g5 27. Ne4 Be5 28. Nxc5 Bxb2 29. Rb1 Bd4 30. Nd7 Rd8 31. Nb6 Bxf2 32. a5 Kg7
33. Kd3 f5 34. Rf1 Bc5 35. Rxf5 1-0

[Event "Tournament (open) \"]
[Site "Perm (Russia)"]
[Date "2008.11.??"]
[Round "6"]
[White "Smirnov, Alexey S"]
[Black "Zakharov, Andrey"]
[Result "1-0"]
[WhiteElo "2405"]
[BlackElo "2211"]
[PlyCount "57"]
[EventDate "2008.??.??"]
[EventRounds "11"]
[EventCountry "RUS"]
[SourceTitle "OM OTB B 201907"]
[Source "Opening Master"]
[SourceDate "2019.07.06"]
[SourceVersion "2"]
[SourceVersionDate "2019.07.06"]
[SourceQuality "1"]

1. e4 e5 2. Nf3 Nc6 3. c3 Nf6 4. d4 Nxe4 5. d5 Ne7 6. Nxe5 Ng6 7. Qd4 Nf6 8.
Be2 Be7 9. Nxg6 hxg6 10. Bf4 c5 11. Qd1 d6 12. Bb5+ Bd7 13. a4 a6 14. Bxd7+
Nxd7 15. Qe2 O-O 16. c4 Ne5 17. Bxe5 dxe5 18. Qxe5 Bd6 19. Qc3 Qe7+ 20. Kd1
Rad8 21. Re1 Qf6 22. Qxf6 gxf6 23. g3 Rfe8 24. Nc3 Rxe1+ 25. Kxe1 Re8+ 26. Kd2
g5 27. Ne4 Be5 28. Nxc5 Bxb2 29. Rb1 1-0

[Event "Tournament (open) \"]
[Site "Perm (Russia)"]
[Date "2008.11.??"]
[Round "2"]
[White "Ganiev, Takhir"]
[Black "Terskiy, Sergey"]
[Result "1-0"]
[WhiteElo "1971"]
[BlackElo "1535"]
[PlyCount "31"]
[EventDate "2008.??.??"]
[EventRounds "11"]
[EventCountry "RUS"]
[SourceTitle "OM OTB B 201907"]
[Source "Opening Master"]
[SourceDate "2019.07.06"]
[SourceVersion "2"]
[SourceVersionDate "2019.07.06"]
[SourceQuality "1"]

1. e4 e5 2. Nf3 Nc6 3. c3 Nf6 4. d4 exd4 5. e5 Qe7 6. cxd4 d6 7. Bb5 Bd7 8. O-O
Nd5 9. Bg5 Qe6 10. Re1 Be7 11. Nc3 Nxc3 12. bxc3 d5 13. c4 O-O 14. cxd5 Qxd5
15. Bxc6 Bxc6 16. Bxe7 1-0

[Event "HUN-chT U18"]
[Site "Miskolc"]
[Date "2008.10.30"]
[Round "7.12"]
[White "Koszo, Attila"]
[Black "Dudas, Szilvia"]
[Result "0-1"]
[WhiteElo "1676"]
[BlackElo "1803"]
[PlyCount "82"]
[EventDate "2008.10.27"]
[EventType "team-swiss"]
[EventRounds "8"]
[EventCountry "HUN"]
[SourceTitle "EXT 2016"]
[Source "ChessBase"]
[SourceDate "2015.10.10"]
[SourceVersion "1"]
[SourceVersionDate "2015.10.10"]
[SourceQuality "1"]

1. e4 e5 2. Nf3 Nc6 3. c3 Nf6 4. d4 exd4 5. e5 Ne4 6. cxd4 Bb4+ 7. Nbd2 Nxd2 8.
Bxd2 Bxd2+ 9. Qxd2 d5 10. Bb5 Bd7 11. a4 O-O 12. O-O Ne7 13. Bxd7 Qxd7 14. Qc2
Nf5 15. Rac1 c6 16. Rfe1 Rae8 17. Qd3 Qe6 18. Nd2 Qg6 19. Nb3 Qg5 20. Nc5 Re7
21. Rc2 Rfe8 22. f4 Qxf4 23. Rf2 Qxd4 24. Qxd4 Nxd4 25. Ref1 b6 26. Nd3 c5 27.
g3 Nc6 28. Kg2 Nxe5 29. Nxe5 Rxe5 30. Rxf7 Re2+ 31. Kh3 R2e7 32. Rxe7 Rxe7 33.
Rd1 d4 34. b4 Rd7 35. bxc5 bxc5 36. Rc1 d3 37. Kg2 d2 38. Rd1 c4 39. Kf2 c3 40.
Ke2 Re7+ 41. Kd3 Re1 0-1

[Event "Scarborough CC Fall Swiss"]
[Site "Toronto"]
[Date "2008.10.30"]
[Round "1"]
[White "Sherman, Josh"]
[Black "Brammall, Stuart"]
[Result "1-0"]
[WhiteElo "1895"]
[BlackElo "1682"]
[PlyCount "45"]
[EventDate "2008.10.30"]
[EventType "swiss"]
[EventRounds "8"]
[EventCountry "CAN"]
[SourceTitle "EXT 2011"]
[Source "ChessBase"]
[SourceDate "2010.11.26"]
[SourceVersion "1"]
[SourceVersionDate "2010.11.26"]
[SourceQuality "1"]

1. e4 e5 2. Nf3 Nc6 3. c3 d5 4. Qa4 dxe4 5. Nxe5 Qd5 6. Bb5 Nge7 7. Nxc6 Nxc6
8. O-O Be7 9. Re1 Bf5 10. c4 Qd6 11. Nc3 Qg6 12. Nd5 Bd8 13. Nf4 Qd6 14. d3 O-O
15. dxe4 Bd7 16. Be3 Bg5 17. Rad1 Qe5 18. Rxd7 Bxf4 19. Bxf4 Qxf4 20. Bxc6 bxc6
21. Qxc6 Rfe8 22. f3 Rad8 23. Qxc7 1-0

[Event "HUN-chT U18"]
[Site "Miskolc"]
[Date "2008.10.28"]
[Round "2.13"]
[White "Koszo, Attila"]
[Black "Pal, Csanad"]
[Result "1/2-1/2"]
[WhiteElo "1676"]
[BlackElo "1819"]
[PlyCount "21"]
[EventDate "2008.10.27"]
[EventType "team-swiss"]
[EventRounds "8"]
[EventCountry "HUN"]
[SourceTitle "EXT 2016"]
[Source "ChessBase"]
[SourceDate "2015.10.10"]
[SourceVersion "1"]
[SourceVersionDate "2015.10.10"]
[SourceQuality "1"]

1. e4 e5 2. Nf3 Nc6 3. c3 Nf6 4. d4 exd4 5. e5 Nd5 6. Qb3 Nb6 7. cxd4 Bb4+ 8.
Nc3 d5 9. Bg5 f6 10. exf6 gxf6 11. Be3 1/2-1/2

[Event "Bayern-chTT (LL Nord)"]
[Site "Bayern 2008/09"]
[Date "2008.10.26"]
[Round "2.4"]
[White "Heimrath, Wolfgang"]
[Black "Smid, Miroslav"]
[Result "0-1"]
[WhiteElo "2088"]
[BlackElo "2196"]
[PlyCount "48"]
[EventDate "2009.03.??"]
[EventType "tourn"]
[EventRounds "9"]
[EventCountry "GER"]
[SourceTitle "OM OTB B 201907"]
[Source "Opening Master"]
[SourceDate "2019.07.06"]
[SourceVersion "2"]
[SourceVersionDate "2019.07.06"]
[SourceQuality "1"]

1. e4 e5 2. Nf3 Nc6 3. c3 Nf6 4. d4 Nxe4 5. Bd3 d5 6. Nxe5 Bd6 7. Nc4 Be7 8.
O-O O-O 9. f3 Nc5 10. dxc5 dxc4 11. Bxc4 Bxc5+ 12. Kh1 Qh4 13. f4 Bg4 14. Qd5
Bb6 15. Qg5 Qxg5 16. fxg5 Ne5 17. Na3 Rad8 18. Bf4 Nxc4 19. Nxc4 Be2 20. Nxb6
Bxf1 21. Bxc7 Bxg2+ 22. Kg1 Rd2 23. Nc4 Rd7 24. Bd6 Rc8 0-1

[Event "Fouesnant op 14th"]
[Site "Fouesnant"]
[Date "2008.10.26"]
[Round "2"]
[White "Duverne, Jean Marie"]
[Black "Delalee, Paul"]
[Result "1-0"]
[WhiteElo "2129"]
[BlackElo "1904"]
[PlyCount "101"]
[EventDate "2008.10.25"]
[EventType "swiss"]
[EventRounds "9"]
[EventCountry "FRA"]
[SourceTitle "EXT 2009"]
[Source "ChessBase"]
[SourceDate "2008.11.26"]
[SourceVersion "1"]
[SourceVersionDate "2008.11.26"]
[SourceQuality "1"]

1. e4 e5 2. Nf3 Nc6 3. c3 d5 4. Bb5 dxe4 5. Nxe5 Qd5 6. Qa4 Nge7 7. Nxc6 Nxc6
8. O-O Bd7 9. Re1 Be7 10. Bc4 Qh5 11. Rxe4 O-O 12. Be2 Qg5 13. Qd1 Bf5 14. d4
Qf6 15. Re3 Bd6 16. Bd3 Bd7 17. Nd2 Qh6 18. Nf1 Qh4 19. Re4 Qf6 20. Qh5 Bf5 21.
Bg5 Qg6 22. Qxg6 fxg6 23. Re3 h6 24. Bh4 Bf4 25. Bxf5 Rxf5 26. Re6 g5 27. Bg3
Raf8 28. Ne3 R5f7 29. Bxf4 Rxf4 30. f3 Kf7 31. Re4 Kg6 32. Nd5 R4f7 33. Rae1
Rd8 34. Ne7+ Nxe7 35. Rxe7 Rd7 36. R1e6+ Kh7 37. Rxd7 Rxd7 38. Kf2 g6 39. Ke3
Kg7 40. c4 c6 41. b4 Kf7 42. Re5 Kf6 43. a4 Rd8 44. Ke4 Rd7 45. b5 cxb5 46.
axb5 a6 47. bxa6 bxa6 48. d5 a5 49. Re6+ Kf7 50. Ra6 Re7+ 51. Kd3 1-0

[Event "Rohde op 08th"]
[Site "Sautron"]
[Date "2008.10.26"]
[Round "2"]
[White "Pirotais, Jerome"]
[Black "Malaniuk, Vladimir P"]
[Result "0-1"]
[WhiteElo "1990"]
[BlackElo "2534"]
[PlyCount "106"]
[EventDate "2008.10.25"]
[EventType "swiss"]
[EventRounds "9"]
[EventCountry "FRA"]
[SourceTitle "EXT 2009"]
[Source "ChessBase"]
[SourceDate "2008.11.26"]
[SourceVersion "1"]
[SourceVersionDate "2008.11.26"]
[SourceQuality "1"]

1. e4 e5 2. Nf3 Nc6 3. c3 Nf6 4. d4 exd4 5. e5 Nd5 6. cxd4 Bb4+ 7. Nbd2 d6 8.
Bb5 O-O 9. O-O Nde7 10. h3 dxe5 11. dxe5 a6 12. Ba4 Bf5 13. Bc2 Qd5 14. Bxf5
Nxf5 15. Nb3 Qe6 16. Bf4 Rad8 17. Qc2 Be7 18. Rad1 g6 19. a3 h5 20. Qc3 Rd5 21.
Rd2 Rfd8 22. Rfd1 Rxd2 23. Rxd2 Rxd2 24. Nbxd2 Qd5 25. Nc4 Qe4 26. Be3 Qd5 27.
Bf4 Qd1+ 28. Kh2 Nfd4 29. Nxd4 Qxd4 30. Qxd4 Nxd4 31. Bd2 Kf8 32. Ne3 Ke8 33.
Nd5 Bd8 34. Nc3 Kd7 35. Ne4 Ne6 36. Kg3 Kc6 37. Bc3 Kd5 38. Kf3 Ng5+ 39. Nxg5
Bxg5 40. b3 b5 41. g3 c5 42. Bb2 c4 43. Ke2 cxb3 44. Kd3 a5 45. f4 Be7 46. g4
hxg4 47. hxg4 a4 48. f5 g5 49. e6 fxe6 50. f6 Bc5 51. Bc1 e5 52. Bxg5 Bxa3 53.
Bd2 e4+ 0-1

[Event "WC-2011-S-00010"]
[Site "Lechenicher SchachServer"]
[Date "2008.10.26"]
[Round "?"]
[White "Anderskewitz, Ralf"]
[Black "Ingersol, Harry"]
[Result "0-1"]
[WhiteElo "2276"]
[BlackElo "2392"]
[PlyCount "32"]
[EventDate "2008.10.23"]

1. e4 e5 2. Nf3 Nc6 3. c3 d5 4. Qa4 f6 5. d3 Nge7 6. Be2 Be6 7. O-O Nc8 8. Nbd2
Nb6 9. Qc2 Bd6 10. d4 exd4 11. Nxd4 Nxd4 12. cxd4 Qd7 13. Bd3 dxe4 14. Nxe4
O-O-O 15. a3 Kb8 16. Re1 Qf7 0-1